00624nam a2200229 a 450000100060000000300080000600500170001400800410003102000150007203500190008704000270010604100080013308200220014110000180016324500590018125000120024026000310025230000340028350400390031765000180035670000200037469836BD-RjUL20211209081930.0170413s1972 nyua b 001 0 eng d a0471168440 a(BD-RjUL)70048 aDLCcDLCdBD-RjULbeng aeng a572223bCOO 19721 aConn, Eric E.10aOutlines of biochemistry /cEric E Conn; Paul K Stumpf a3rd ed. aNew York :bWiley,cc1972. axii, 535 p. :bill. ;c26 cm. aIncludes bibliographies and index. 0aBiochemistry.1 aStumpf, Paul K